[Event "Barcelona Tres Peons-C 46th"]
[Site "Barcelona"]
[Date "2017.06.02"]
[Round "7.2"]
[White "Castro Lanzan, Montse"]
[Black "Cervera Alemany, Serafin"]
[Result "0-1"]
[WhiteElo "1180"]
[BlackElo "1474"]
[PlyCount "100"]
[EventDate "2017.04.21"]
[EventType "swiss"]
[EventRounds "9"]
[EventCountry "ESP"]
[SourceTitle "EXT 2024"]
[Source "ChessBase"]
[SourceDate "2023.10.10"]
[SourceVersion "1"]
[SourceVersionDate "2023.10.10"]
[SourceQuality "1"]

1. e4 e6 2. d4 d5 3. e5 c5 4. c4 Nc6 5. Nf3 cxd4 6. Nxd4 Nxe5 7. Bf4 Qf6 8. Qd2 Nxc4 9. Bxc4 dxc4 10. Be3 Be7 11. 0-0 h6 12. Nc3 Bb4 13. a3 Ba5 14. Qc2 Ne7 15. Ne4 Qe5 16. Nf3 Qc7 17. Rad1 0-0 18. Nfd2 f5 19. Nc3 f4 20. Bd4 e5 21. Bxe5 Qxe5 22. Rfe1 Qf6 23. Nde4 Qf5 24. b4 cxb3 25. Qxb3+ Kh7 26. Nd6 Qf6 27. Nde4 Qc6 28. Rd3 Bxc3 29. Nxc3 Nf5 30. Red1 Be6 31. Qc2 Kh8 32. Qd2 Nh4 33. f3 Qc5+ 34. Rd4 Nf5 35. Ne4 Qxd4+ 36. Qxd4 Nxd4 37. Rxd4 b5 38. Nc5 Rfe8 39. Rxf4 Rac8 40. Na6 Rc2 41. h4 g5 42. hxg5 hxg5 43. Re4 Bf7 44. Rb4 Bc4 45. a4 bxa4 46. Rxa4 Bxa6 47. Rxa6 Re7 48. Kh2 Kh7 49. Kg3 Rb2 50. Ra5 Kh6 0-1

[Event "Barcelona Tres Peons-C 46th"]
[Site "Barcelona"]
[Date "2017.05.19"]
[Round "5.1"]
[White "Cervera Alemany, Serafin"]
[Black "Pascual Soro, Antonio"]
[Result "0-1"]
[WhiteElo "1474"]
[BlackElo "1534"]
[PlyCount "69"]
[EventDate "2017.04.21"]
[EventType "swiss"]
[EventRounds "9"]
[EventCountry "ESP"]
[SourceTitle "EXT 2024"]
[Source "ChessBase"]
[SourceDate "2023.10.10"]
[SourceVersion "1"]
[SourceVersionDate "2023.10.10"]
[SourceQuality "1"]

1. d4 c5 2. Nf3 Nf6 3. g3 e6 4. Bg2 Nc6 5. 0-0 Be7 6. Nc3 0-0 7. e4 h6 8. d5 exd5 9. exd5 Nd4 10. Nxd4 cxd4 11. Qxd4 Ne8 12. Bf4 d6 13. Ne4 f5 14. Nd2 Bf6 15. Qb4 a5 16. Qb3 g5 17. Be3 Qd7 18. Nc4 Qg7 19. c3 f4 20. Bb6 Be7 21. Bxa5 f3 22. Bh1 g4 23. Bb4 Bd8 24. Nxd6 Nxd6 25. Bxd6 Re8 26. Rfe1 Rxe1+ 27. Rxe1 Qf7 28. Re4 Bg5 29. Rxg4 Bxg4 30. a3 Re8 31. Qd1 Re2 32. h3 Bxh3 33. Qd3 Re1+ 34. Kh2 Bg4 35. Bb4 0-1

[Event "Barcelona La Lira op 34th"]
[Site "Barcelona"]
[Date "2016.01.15"]
[Round "1"]
[White "Cervera Alemany, Serafin"]
[Black "Colom Andres, Xavier"]
[Result "0-1"]
[WhiteElo "1575"]
[BlackElo "1903"]
[PlyCount "70"]
[EventDate "2016.01.15"]
[EventType "swiss"]
[EventRounds "8"]
[EventCountry "ESP"]
[SourceTitle "EXT 2017"]
[Source "ChessBase"]
[SourceDate "2016.10.25"]
[SourceVersion "1"]
[SourceVersionDate "2016.10.25"]
[SourceQuality "1"]

1. d4 d5 2. c4 c6 3. Nc3 Nf6 4. Nf3 dxc4 5. a4 Bf5 6. e3 e6 7. Bxc4 Bb4 8. 0-0 Nbd7 9. Qb3 a5 10. Na2 Nd5 11. Nxb4 Nxb4 12. Bd2 Qe7 13. Bxb4 axb4 14. Ne1 0-0 15. Nd3 Qg5 16. f4 Qh4 17. g3 Qh5 18. Nf2 Nf6 19. Qxb4 Ne4 20. Nxe4 Bxe4 21. Qd2 b5 22. Be2 Qd5 23. Bd1 c5 24. Qf2 cxd4 25. exd4 Rfd8 26. Bf3 Bxf3 27. Qxf3 Qxd4+ 28. Qf2 bxa4 29. Qxd4 Rxd4 30. Rf3 Rb8 31. Rc3 h6 32. Rca3 Rxb2 33. Rxa4 Rdd2 34. Ra8+ Kh7 35. R8a7 Kg6 0-1

[Event "Vilafranca del Penedes op 2nd"]
[Site "Vilafranca del Penedes"]
[Date "2008.04.11"]
[Round "1.8"]
[White "Cervera Alemany, Serafin"]
[Black "Rodriguez Becerro, Miquel"]
[Result "0-1"]
[WhiteElo "1858"]
[BlackElo "2049"]
[PlyCount "68"]
[EventDate "2008.04.11"]
[EventType "swiss"]
[EventRounds "8"]
[EventCountry "ESP"]
[SourceTitle "EXT 2024"]
[Source "ChessBase"]
[SourceDate "2023.10.10"]
[SourceVersion "1"]
[SourceVersionDate "2023.10.10"]
[SourceQuality "1"]

1. d4 d6 2. c4 g6 3. g3 Bg7 4. Bg2 c5 5. d5 Nf6 6. e4 b5 7. Ne2 bxc4 8. Qa4+ Nfd7 9. Qxc4 Ba6 10. Qc2 0-0 11. 0-0 Ne5 12. Rd1 Nbd7 13. Nbc3 Nb6 14. b3 Qd7 15. h3 c4 16. Be3 Rfc8 17. Bd4 Rab8 18. f4 Nd3 19. Bxg7 Kxg7 20. bxc4 Nb4 21. Qb2 Nxc4 22. Qc1 Qc7 23. a3 Nxa3 24. Qxa3 Bxe2 25. Nxe2 Nc2 26. Qxa7 Qc4 27. Qa6 Qc5+ 28. Kh2 Nxa1 29. Qxa1+ Kg8 30. Rc1 Qe3 31. Rxc8+ Rxc8 32. Qa6 Rc2 33. Ng1 Qf2 34. Qf1 Qxf1 0-1